000 00354nam a22001337a 4500
082 _a823
_bKIN/D
100 _aKINNEY, JEFF
245 _aDIARY OF A WIMPYKID : RODRICK RULES
246 _aDIARY OF A WIMPYKID : RODRICK RULES
_bDIARY OF A WIMPYKID : RODRICK RULES
260 _aU K
_bPENGUIN
_c2015
300 _a218
650 _aENGLISH STORY
942 _cBK
999 _c9118
_d9118